Tanzania in Figures 2008/ (Record no. 6959)
[ view plain ]
| 000 -LEADER | |
|---|---|
| fixed length control field | 00369nam a22001097a 4500 |
| 008 - FIXED-LENGTH DATA ELEMENTS--GENERAL INFORMATION | |
| fixed length control field | 200408b ||||| |||| 00| 0 eng d |
| 245 ## - TITLE STATEMENT | |
| Title | Tanzania in Figures 2008/ |
| Statement of responsibility, etc. | Ministry of Finance and Economic Affairs.- |
| Medium | English. |
| 260 ## - PUBLICATION, DISTRIBUTION, ETC. (IMPRINT) | |
| Place of publication, distribution, etc. | Dar Es Salaam: |
| Name of publisher, distributor, etc. | National Bureau of Statistics, |
| Date of publication, distribution, etc. | 2009. |
| 300 ## - PHYSICAL DESCRIPTION | |
| Extent | iii, 44p; |
| Other physical details | Tables, |
| Dimensions | 15cm.- |
| 650 ## - SUBJECT ADDED ENTRY--TOPICAL TERM | |
| Source of heading or term | STATISTICS |
| 942 ## - ADDED ENTRY ELEMENTS (KOHA) | |
| Source of classification or shelving scheme | Dewey Decimal Classification |
| Koha item type | BOOKS |
| Withdrawn status | Lost status | Source of classification or shelving scheme | Damaged status | Not for loan | Home library | Current library | Date acquired | Total Checkouts | Barcode | Date last seen | Price effective from | Koha item type |
|---|---|---|---|---|---|---|---|---|---|---|---|---|
| Dewey Decimal Classification | Mwanza | Mwanza | 08/04/2020 | 10000002674 | 08/04/2020 | 08/04/2020 | BOOKS | |||||
| Dewey Decimal Classification | Mwanza | Mwanza | 08/04/2020 | 10000002675 | 08/04/2020 | 08/04/2020 | BOOKS | |||||
| Dewey Decimal Classification | Mwanza | Mwanza | 08/04/2020 | 10000002676 | 08/04/2020 | 08/04/2020 | BOOKS |
